| 000 | 01607cad a22002415a 4500 | ||
|---|---|---|---|
| 001 | L160072 | ||
| 008 | 100415u20180410xxk g 000 0 eng d | ||
| 035 | _a(Sirsi) u160072 | ||
| 041 | 0 | _aeng | |
| 050 | 0 | 4 | _a711.1 $2 18 |
| 110 |
_aRoyal Institution of Chartered Surveyors _94900 |
||
| 245 | 0 | 4 |
_aAssessing the impacts of extending permitted development rights to office-to-residential change of use in England _h[electronic resource] |
| 260 |
_aLondon _bRICS _c2018 |
||
| 490 | 0 | _aRICS Research | |
| 520 | _aAssesses the impacts of extending permitted development rights for office to residential conversions in England. Utilising an in-depth case study approach, this research sought to determine whether enhanced freedom to change the use of property has threatened the development of sustainable communities through the loss of public revenue and unwelcome externalities. Key issues considered in the research were the financial implications for local authorities and the broader implications for communities from office-to-residential change of use becoming 'permitted development' with reduced scrutiny and control by LPAs. | ||
| 590 | _aKA NTK | ||
| 650 | 2 | 4 | _aPERMITTED DEVELOPMENT RIGHTS |
| 650 | 2 | 4 | _aTOWN AND COUNTRY PLANNING (GENERAL PERMITTED DEVELOPMENT) (ENGLAND) ORDER 2015 |
| 651 | 4 | _aUnited Kingdom | |
| 690 |
_aPlanning and development _96259 |
||
| 856 | 4 | 0 |
_uhttps://www.rics.org/news-insights/research-and-insights/assessing-the-impacts-of-extending-permitted-development-rights-to-office-to-residential-change-of-use-in-england _zAvailable free on RICS.org |
| 942 |
_n0 _2ddc |
||
| 999 |
_c116189 _d116189 |
||